|
|
|
|
| LEADER |
01461nam a2200361 a 4500 |
| 001 |
mzk03001023050 |
| 003 |
CZ BrMZK |
| 005 |
20050513112640.0 |
| 007 |
ta |
| 008 |
050513s1521 sz fr|||||00| ||gerod |
| 040 |
|
|
|a BOA001
|b cze
|
| 041 |
1 |
|
|a ger
|h lat
|
| 072 |
|
7 |
|a 094
|x Staré tisky
|2 Konspekt
|9 12
|
| 080 |
|
|
|a (0.068)094
|2 MRF
|
| 100 |
1 |
|
|a Erasmus Rotterdamský, Desiderius,
|d asi 1466-1536
|7 jn19981000990
|4 aut
|
| 245 |
1 |
0 |
|a Epistel sancti Pauli zum Tito Durch ... kurtzlich vnd klarlich vßgelegt /
|c Erasmum Roterodamum; vertütscht durch meister Leo Jud lütpriester zu den Einsidlen
|
| 260 |
|
|
|a Zürich :
|b [Christoph Froschauer?,
|c 1521]
|
| 300 |
|
|
|a AA-CC4 [= 12] listů ;
|c 4°
|
| 500 |
|
|
|a Výzdoba: Titulní list v dřevořezové portálové borduře s andílky, vlys s dráčky, iniciály
|
| 561 |
|
|
|a Provenience: [etiketa] Aus der Bibliothek von Dr. th. A. Zahn Stuttgart
|
| 561 |
|
|
|a Provenience: [exlibris] Ex libris Jos. G.A. Szalatnay Ev. Theol. H.C. nat. 1861
|
| 563 |
|
|
|a Papírová vazba
|
| 655 |
|
7 |
|a staré tisky
|7 fd422076
|2 czenas
|
| 700 |
1 |
|
|a Jud, Leo,
|d 1482-1542
|7 mzk2009532590
|4 trl
|
| 903 |
|
|
|a RP
|
| 910 |
|
|
|a BOA001
|b ST2-0050.587
|
| 978 |
|
|
|b Froschauer, Christoph I
|a Zürich
|c 1521
|
| 984 |
|
|
|a Curych
|b Švýcarsko
|
| 985 |
|
|
|a 1501-1550
|
| 990 |
|
|
|a BK
|
| 993 |
|
|
|a Y
|
| 991 |
|
|
|k mzk
|
| 996 |
6 |
|
|b 2619279780
|c ST2-0050.587
|l stud. ST
|r Sklad / do násl. otevíracího dne
|n 0
|w 001023073
|u 000010
|a 1
|e BOA001
|s P
|